Statistics for Countries ever controlled by French people

Click here to take the quiz!

General Stats

  • This quiz has been taken 3 times
  • The average score is 3 of 112

Answers on the Map

Answers color-coded by a green-red scale on the quiz's map according to % correct below.
 

Answer Stats

Answer% Correct
Brazil
67%
Norway
67%
Gambia
33%
Nigeria
33%
Portugal
33%
Turkey
33%
Ukraine
33%
Albania
0%
Algeria
0%
Andorra
0%
Antigua and Barbuda
0%
Argentina
0%
Australia
0%
Austria
0%
Bahamas
0%
Belarus
0%
Belgium
0%
Belize
0%
Benin
0%
Burkina Faso
0%
Cambodia
0%
Cameroon
0%
Canada
0%
Central African Republic
0%
Chad
0%
Chile
0%
China
0%
Comoros
0%
Croatia
0%
Cyprus
0%
Democratic Republic of Congo
0%
Djibouti
0%
Dominica
0%
Dominican Republic
0%
East-Timor
0%
Egypt
0%
Estonia
0%
Federated States of Micronesia
0%
Fiji
0%
Gabon
0%
Germany
0%
Greece
0%
Grenada
0%
Guatemala
0%
Guinea
0%
Guinea-Bissau
0%
Guyana
0%
Haiti
0%
India
0%
Indonesia
0%
Israel
0%
Italy
0%
Ivory Coast
0%
Jordan
0%
Kiribati
0%
Laos
0%
Latvia
0%
Lebanon
0%
Libya
0%
Liechtenstein
0%
Lithuania
0%
Luxembourg
0%
Madagascar
0%
Mali
0%
Malta
0%
Marshall Islands
0%
Mauritania
0%
Mauritius
0%
Mexico
0%
Moldova
0%
Morocco
0%
Nauru
0%
Netherlands
0%
Niger
0%
Palau
0%
Palestine
0%
Papau new Guinea
0%
Poland
0%
Romania
0%
Russia
0%
Saint Kitts and Nevis
0%
Saint Lucia
0%
Saint Vincent and the Grenadines
0%
Samoa
0%
São Tomé and Príncipe
0%
Saudi Arabia
0%
Senegal
0%
Senegal
0%
Seychelles
0%
Slovenia
0%
Solomon Islands
0%
South Sudan
0%
Spain
0%
Sri Lanka
0%
Sudan
0%
Suriname
0%
Sweden
0%
Switzerland
0%
Syria
0%
Taiwan
0%
Thailand
0%
The Republic of Congo
0%
Togo
0%
Tonga
0%
Trinidad and Tobago
0%
Tunisia
0%
Tuvalu
0%
United Kingdom
0%
Usa
0%
Vanuatu
0%
Vietnam
0%
Yemen
0%

Score Distribution

Percentile by Number Answered

Percent of People with Each Score

Your Score History

You have not taken this quiz